000 00421nam a22001697a 4500
005 20180710120623.0
008 160524b xxu||||| |||| 00| 0 eng d
020 _a0-7069-9777-8
041 _aeng
082 _b4671
_a658.15
100 _aPandey, I.M.
_94509
245 _aEssentials of Financial Management
260 _aNew Delhi
_bAcademic Faundation
300 _a379p,
650 _aManagement
_9241
942 _cBK
999 _c1577
_d1576